Missing Word: Famous TV Episodes Quiz Stats

 Plays Quiz Updated Mar 9, 2016

Challenge
Share
Tweet
Embed
Score 0/20 Timer 03:00
1 Play Today
Episode Title Missing Word % Correct
Easy ___, Easy GoCome
90.8%
Slaves of Las ___Vegas
88.3%
Chuck Versus Santa ___Claus
85%
Yet Another ___ in the LifeDay
74.6%
The ___ NaziSoup
74.5%
Once ___, with FeelingMore
68.4%
___ Trails to YouHappy
64.3%
The ___ with TribblesTrouble
58.8%
The ___ Is Out There Truth
58.4%
___ FeareCape
46.6%
Episode Title Missing Word % Correct
Any Old ___ in a StormPort
41.7%
What is... ___ ClavinCliff
39.6%
They ___ Gilmores, Don't They?Shoot
39.3%
The Seven Year ___Witch
28.8%
Red in the ___Face
23.8%
The ___ BetSlap
21.6%
Poughkeepsie, ___ and ThievesTramps
21.2%
___ Bites the DustChuckles
10.9%
___ AwayTurkeys
8.8%
___ at 20,000 FeetNightmare
7.3%

Today's Daily Dose

You're not logged in!

Compare scores with friends on all Sporcle quizzes.
OR
Log In

You Might Also Like...

Show Comments

Extras

Top Quizzes Today


Score Distribution

Your Account Isn't Verified!

In order to create a playlist on Sporcle, you need to verify the email address you used during registration. Go to your Sporcle Settings to finish the process.

Report this User

Report this user for behavior that violates our Community Guidelines.

Details: